000 00906cam a2200277 4500
001 J2427
008 090401t1994 xxu||||| |||| 00| 0 eng d
035 _a(Sirsi) u49004
041 _aeng
050 _a333.332
100 _aMcAllister, Patrick
245 _aTurnover rents: some valuation issues.
260 _bJones Lang Wootton Education Trust
_c1994
300 _a23 leaves ; 30cm.
350 _a0
520 _aExamines the types of turnover leases found in the UK and USA retail property market and the method of valuing property let on this basis. The research was supported by the Jones Lang Wootton Education Trust.
650 _aJONES LANG WOOTTON EDUCATION TRUST
650 _aRETAIL PROPERTY
650 _aSHOPS
650 _aTURNOVER LEASES
650 _aTURNOVER RENTS
650 _aUNITED STATES
690 _aRATING AND VALUATION
942 _n0
948 _c04/03/1997
999 _c92462
_d92462